000 00886nam a22002537a 4500
999 _c1164
_d1164
003 AR-CdUCM
008 190226b ||||| |||| 00| 0 spa d
040 _aMUNICIPALIDAD PROVINCIAL DEL CUSCO
_cBIBLIOTECA MUNICIPAL DEL CUSCO
041 _heng
082 _a932 /
_bW58
100 _aWilson, John Albert
_94564
245 _aLa cultura egipcia /
260 _aMéxico :
_bFondo de Cultura Económica,
_c1953.
300 _a483 páginas ;
_bIlustraciones.
_c17 cm.
440 _aBreviarios del fondo de cultura económica
_n86
_94565
500 _aTitulo original: The burden of Egypt
505 _aLa tierra negra -- Fuera del cieno -- En busca de seguridad y orden ...
650 _aCultura egipcia.
_94566
650 _aImperio.
_94567
650 _aHistoria.
_9136
700 _aTorner, Florentino M. (traducción)
_94568
942 _2ddc
_cLIBROS
945 _amvr
_d2019-02-26